00317nam a22000977a 4500008004100000082001700041100000800058245010900066260003500175300000900210230612b xxu||||| |||| 00| 0 eng d a354.676bGOK cGOK aReport of the Auditor-General on the Financial Statements for National Government For the Year 2012/2013 aNairobi, KenyabGOKcJune 2013 a589p